|
|
|
|
| LEADER |
00926na a2200265 4500 |
| 001 |
000030506 |
| 003 |
4090 |
| 005 |
20151001092256.0 |
| 008 |
151001s2011 000 vie |
| 020 |
|
|
|a 9786046400455
|
| 082 |
|
|
|a 398.9
|b NG-H
|
| 100 |
|
|
|a Nguyễn Văn Hiền
|
| 245 |
|
|
|a Văn hóa ẩm thực huyện Đồng Xuân
|c Nguyễn Văn Hiền
|
| 260 |
|
|
|a Lao Động
|c 2011
|
| 300 |
|
|
|a 186tr. : mh ; 20.5 cm
|
| 650 |
|
|
|a Ẩm thực, Đồng Xuân, Nguyễn Văn Hiền, 2011
|
| OWN |
|
|
|a LNN
|
| AVA |
|
|
|a UDN50
|b LNN
|d 398.9 NG-H
|e available
|t Error 5001 Not defined in file expand_doc_bib_avail.
|f 1
|g 0
|h N
|i 0
|k 1
|
| 999 |
|
|
|a From the UDN01
|
| AVA |
|
|
|a UDN50
|b LNN
|d 398.9 NG-H
|e available
|t Error 5001 Not defined in file expand_doc_bib_avail.
|f 1
|g 0
|h N
|i 0
|k 1
|
| TYP |
|
|
|a Printed language
|
| 980 |
|
|
|a Mạng thư viện Đại học Đà Nẵng
|